Slováci v zahraničí 10

Salvato in:
Dettagli Bibliografici
Altri autori: Bielik, František, Baláž, Claude
Natura: Libro
Lingua:slovacco
Pubblicazione: Martin Matica slovenská 1984
Edizione:1. vyd.
Serie:Teória a výskum
Tags: Aggiungi Tag
Nessun Tag, puoi essere il primo ad aggiungerne!!

MARC

LEADER 00000nam a2200000 4500
001 c114394
005 20221220090910.3
041 0 |a slo 
044 |a SK 
245 1 0 |a Slováci v zahraničí 10  |c Hl. zost. František Bielik, Claude Baláž 
250 |a 1. vyd. 
264 1 |a Martin  |b Matica slovenská  |c 1984 
300 |a 169 s. 
490 1 |a Teória a výskum 
830 0 |a Teória a výskum 
700 1 |a Bielik, František 
700 1 |a Baláž, Claude